000 01053nam a22002651u 4500
001 12177
003 HDC
007 cr bn ---
008 210209p2000 my eng
040 _aHDC
100 _aZainur Alsmi Sharif,
_eauthor
_912611
245 0 _aReducing fat deposition in poultry by immunisation against adipocyte membranes: II. Effects of active immunisation on chicken performance and carcass composition /
_cby Zainur Alsmi Sharif and Shukran Baki Ismail
260 _aSerdang :
_bMalaysian Agricultural Research and Development Institute (MARDI),
_c2000
300 _a1 page
336 _atext
_2rdacontent
337 _acomputer
_2rdamedia
338 _aonline resource
_2rdacarrier
650 _aBlood metabolites
_912613
650 _aFat reduction
_912612
650 _aPoultry
_91550
856 _zRequest full-text at [email protected]
942 _2lcc
942 _cAR
942 _kJART 003027
999 _c9500
_d9500